|
|
|
|
| LEADER |
05049nam a2200589 4500 |
| 001 |
978-3-540-45102-0 |
| 003 |
DE-He213 |
| 005 |
20191024111455.0 |
| 007 |
cr nn 008mamaa |
| 008 |
121227s2000 gw | s |||| 0|eng d |
| 020 |
|
|
|a 9783540451020
|9 978-3-540-45102-0
|
| 024 |
7 |
|
|a 10.1007/3-540-45102-1
|2 doi
|
| 040 |
|
|
|d GrThAP
|
| 050 |
|
4 |
|a QA76.6-76.66
|
| 072 |
|
7 |
|a UM
|2 bicssc
|
| 072 |
|
7 |
|a COM051000
|2 bisacsh
|
| 072 |
|
7 |
|a UM
|2 thema
|
| 082 |
0 |
4 |
|a 005.11
|2 23
|
| 245 |
1 |
0 |
|a ECOOP 2000 - Object-Oriented Programming
|h [electronic resource] :
|b 14th European Conference Sophia Antipolis and Cannes, France, June 12-16, 2000 Proceedings /
|c edited by Elisa Bertino.
|
| 246 |
3 |
|
|a Windows-Version
|
| 250 |
|
|
|a 1st ed. 2000.
|
| 264 |
|
1 |
|a Berlin, Heidelberg :
|b Springer Berlin Heidelberg :
|b Imprint: Springer,
|c 2000.
|
| 300 |
|
|
|a XIV, 490 p.
|b online resource.
|
| 336 |
|
|
|a text
|b txt
|2 rdacontent
|
| 337 |
|
|
|a computer
|b c
|2 rdamedia
|
| 338 |
|
|
|a online resource
|b cr
|2 rdacarrier
|
| 347 |
|
|
|a text file
|b PDF
|2 rda
|
| 490 |
1 |
|
|a Lecture Notes in Computer Science,
|x 0302-9743 ;
|v 1850
|
| 505 |
0 |
|
|a Invited Talk 1 -- Towards a Unified Programming Language -- UML -- Creative Object-Oriented Modelling: Support for Intuition, Flexibility, and Collaboration in CASE Tools -- Design Patterns Application in UML -- UML-F: A Modeling Language for Object-Oriented Frameworks -- Type Theory -- Extending Moby with Inheritance-Based Subtyping -- A Basic Model of Typed Components -- On Inner Classes -- Object Relations -- Jam - A Smooth Extension of Java with Mixins -- A Mixin-Based, Semantics-Based Approach to Reusing Domain-Specific Programming Languages -- Generic Wrappers -- Copying and Comparing: Problems and Solutions -- Invited Talk 2 -- Developing Security Systems in the Real World -- Cooperation and Distribution -- Distributed Asynchronous Collections: Abstractions for Publish/Subscribe Interaction -- Design Templates for Collective Behavior -- Ionic Types -- Java Run-Time -- Load-Time Structural Reflection in Java -- Runtime Support for Type-Safe Dynamic Java Classes -- OpenJIT: An Open-Ended, Reflective JIT Compiler Framework for Java -- Invited Talk 3 -- Using Objects for Next Generation Communication Services -- Optimization -- Empirical Study of Object-Layout Strategies and Optimization Techniques -- Optimizing Java Programs in the Presence of Exceptions -- Tools -- HERCULE: Non-invasively Tracking Java™ Component-Based Application Activity -- Automated Test Case Generation from Dynamic Models.
|
| 520 |
|
|
|a Following a 13-year tradition of excellence, the 14th ECOOP conference repeated the success of its predecessors. This excellence is certainly due to the level of maturity that object-oriented technology has reached, which warrants its use as a key paradigm in any computerized system. The principles of the object-oriented paradigm and the features of systems, languages, tools, and methodologies based on it are a source of research ideas and solutions to many in all areas of computer science. ECOOP 2000 showed a thriving eld characterized by success on the practical side and at the same time by continuous scienti c growth. Firmly established as a leading forum in the object-oriented arena, ECOOP 2000 received 109 high quality submissions. After a thorough review process, the program committee selected 20 papers, which well re?ect relevant trends in object-oriented research: object modeling, type theory, distribution and coo- ration, advanced tools, programming languages. The program committee, c- sisting of 31 distinguished researchers in object-orientation, met in Milan, Italy, to select the papers for inclusion in the technical program of the conference.
|
| 650 |
|
0 |
|a Computer programming.
|
| 650 |
|
0 |
|a Software engineering.
|
| 650 |
|
0 |
|a Computer logic.
|
| 650 |
|
0 |
|a Computer communication systems.
|
| 650 |
|
0 |
|a Information technology.
|
| 650 |
|
0 |
|a Business-Data processing.
|
| 650 |
1 |
4 |
|a Programming Techniques.
|0 http://scigraph.springernature.com/things/product-market-codes/I14010
|
| 650 |
2 |
4 |
|a Software Engineering.
|0 http://scigraph.springernature.com/things/product-market-codes/I14029
|
| 650 |
2 |
4 |
|a Logics and Meanings of Programs.
|0 http://scigraph.springernature.com/things/product-market-codes/I1603X
|
| 650 |
2 |
4 |
|a Computer Communication Networks.
|0 http://scigraph.springernature.com/things/product-market-codes/I13022
|
| 650 |
2 |
4 |
|a IT in Business.
|0 http://scigraph.springernature.com/things/product-market-codes/522000
|
| 700 |
1 |
|
|a Bertino, Elisa.
|e editor.
|4 edt
|4 http://id.loc.gov/vocabulary/relators/edt
|
| 710 |
2 |
|
|a SpringerLink (Online service)
|
| 773 |
0 |
|
|t Springer eBooks
|
| 776 |
0 |
8 |
|i Printed edition:
|z 9783540676607
|
| 776 |
0 |
8 |
|i Printed edition:
|z 9783662163276
|
| 830 |
|
0 |
|a Lecture Notes in Computer Science,
|x 0302-9743 ;
|v 1850
|
| 856 |
4 |
0 |
|u https://doi.org/10.1007/3-540-45102-1
|z Full Text via HEAL-Link
|
| 912 |
|
|
|a ZDB-2-SCS
|
| 912 |
|
|
|a ZDB-2-LNC
|
| 912 |
|
|
|a ZDB-2-BAE
|
| 950 |
|
|
|a Computer Science (Springer-11645)
|